Normal view
MARC view
Entry Topical Term
001 - CONTROL NUMBER
- control field: 37360
003 - CONTROL NUMBER IDENTIFIER
- control field: ARRUPE
005 - DATE AND TIME OF LATEST TRANSACTION
- control field: 20171103144536.0
008 - FIXED-LENGTH DATA ELEMENTS
- fixed length control field: 171103|| aca||aabn | a|a d
040 ## - CATALOGING SOURCE
- Original cataloging agency: ARRUPE
- Transcribing agency: ARRUPE
150 ## - HEADING--TOPICAL TERM
- Topical term or geographic name as entry element:
- Topical term following geographic name as entry element: Zimbabwe
- General subdivision: Economical conditions
- Chronological subdivision: 1980-
670 ## - SOURCE DATA FOUND
- Source citation: Work cat.: (ARRUPE)100734: Hill, Geoff 29915, The battle for Zimbabwe